فرائد اللغة / (رقم التسجيلة. 98601)
[ عرض عادي ]
| 000 -LEADER | |
|---|---|
| fixed length control field | 008410am a2200241 004500 |
| 003 - CONTROL NUMBER IDENTIFIER | |
| control field | EG-GiCUC |
| 008 - FIXED-LENGTH DATA ELEMENTS--GENERAL INFORMATION | |
| fixed length control field | 080405m18899999le g d 000 0 ara d |
| 040 ## - CATALOGING SOURCE | |
| Original cataloging agency | EG-GiCUC |
| Language of cataloging | ara |
| Transcribing agency | EG-GiCUC |
| 050 #4 - LIBRARY OF CONGRESS CALL NUMBER | |
| Classification number | PJ6611. |
| Item number | L3 1889 |
| 092 04 - LOCALLY ASSIGNED DEWEY CALL NUMBER (OCLC) | |
| Classification number | 413.1 |
| Item number | L232 |
| Edition number | 21 |
| 099 ## - LOCAL FREE-TEXT CALL NUMBER (OCLC) | |
| Classification number | 04 |
| -- | 413.1 L232 |
| 100 1# - MAIN ENTRY--PERSONAL NAME | |
| Personal name | لامنس : هنري : |
| Dates associated with a name | 1862-1937 |
| 245 10 - TITLE STATEMENT | |
| Title | فرائد اللغة / |
| Statement of responsibility, etc. | تاليف هنريكوس لامنس اليسوعى |
| 260 ## - PUBLICATION, DISTRIBUTION, ETC. | |
| Place of publication, distribution, etc. | بيروت : |
| Name of publisher, distributor, etc. | المطبعة الكاثوليكية للاباء اليسوعيين : |
| Date of publication, distribution, etc. | 1889- |
| 300 ## - PHYSICAL DESCRIPTION | |
| Extent | مج ؛ |
| Dimensions | 18سم |
| 505 0# - FORMATTED CONTENTS NOTE | |
| Formatted contents note | ج1.فى الفروق |
| 590 ## - LOCAL NOTE (RLIN) | |
| Local note | المكتبة تقتنى فقط المجلد الاول |
| 650 #7 - SUBJECT ADDED ENTRY--TOPICAL TERM | |
| Topical term or geographic name entry element | اللغة العربية |
| Form subdivision | معاجم |
| Source of heading or term | qrmak |
| 902 ## - LOCAL DATA ELEMENT B, LDB (RLIN) | |
| No. of Items | 1 |
| 905 ## - LOCAL DATA ELEMENT E, LDE (RLIN) | |
| Cataloger | جيهان |
| Reviser | مراجع |
| 905 ## - LOCAL DATA ELEMENT E, LDE (RLIN) | |
| Cataloger | رضا |
| Reviser | مدخل |
| 942 ## - ADDED ENTRY ELEMENTS (KOHA) | |
| Source of classification or shelving scheme | Dewey Decimal Classification |
| Koha item type | Books |
| Source of classification or shelving scheme | Not for loan | Home library | Current library | Date acquired | Full call number | Barcode | Date last seen | Koha item type |
|---|---|---|---|---|---|---|---|---|
| Dewey Decimal Classification | المكتبة المركزبة الجديدة - جامعة القاهرة | المكتبة المركزبة الجديدة - جامعة القاهرة | 11.02.2024 | 413.1 L232 v.1 Ref C.1 | 01000100014023001 | 23.09.2023 | Books |